Normal view
MARC view
- AASHTO
Entry Personal Name
001 - CONTROL NUMBER
- control field: 20226
003 - CONTROL NUMBER IDENTIFIER
- control field: NUST
005 - DATE AND TIME OF LATEST TRANSACTION
- control field: 20190912064816.0
008 - FIXED-LENGTH DATA ELEMENTS
- fixed length control field: 190912|| aca||aabn | a|a d
040 ## - CATALOGING SOURCE
- Original cataloging agency: NUST
- Transcribing agency: NUST
100 ## - HEADING--PERSONAL NAME
- Personal name: AASHTO
670 ## - SOURCE DATA FOUND
- Source citation: Work cat.: (NUST): AASHTO, AASHTO - AGC - ARTBA Joint Committee, 1992
